Gaudí universe
ISBN:
84-7794-861-5
Descripción Física:
234 p. : il. col. ; 33 cm
MARC
| LEADER | 00000nam a2200000Ia 4500 | ||
|---|---|---|---|
| 001 | 14323 | ||
| 008 | 160829s2002 xx 000 0 cat d | ||
| 020 | |a 84-7794-861-5 | ||
| 080 | |a FOL-2-41 | ||
| 245 | |a Gaudí universe | ||
| 250 | |a English ed. | ||
| 260 | |a [Barcelona] : |b Centre de Cultura Contemporània de Barcelona , [etc.], |c 2002 | ||
| 300 | |a 234 p. : |b il. col. ; |c 33 cm | ||
| 590 | |a Bibliografia. | ||
| 590 | |a Cronologia. | ||
| 590 | |a Existeix una edició en català. | ||
| 590 | |a Catàleg de l'exposició organitzada pel CCCB i el Museu Nacional Centro de Arte Reina Sofia, coproduïda amb el Departament de Cultura de la Generalitat de Catalunya i la Fundació BBVA. Es presenta a Barcelona al CCCB, entre el 30 de maig i el 8 de setembre de 2002 | ||
| 600 | 1 | 0 | |a Gaudí, Antoni, |d 1852-1926 |v Exposicions |9 55132 |
| 650 | |a Art modern |x S. XIX/XX |x Exposicions |9 37642 | ||
| 710 | 2 | |a Centre de Cultura Contemporània de Barcelona |9 52510 | |
| 901 | |a Arxiu | ||
| 942 | |n 1 | ||
| 952 | |0 0 |1 0 |4 0 |6 FOL241 |7 1 |9 48094 |a Arxiu |b Arxiu |d 2016-12-01 |l 0 |o FOL-2-41 |p 14323 |r 2016-12-01 00:00:00 |w 2016-12-01 |y ARXIU | ||
| 999 | |c 51897 |d 51897 | ||